| 000 | 00374cam a2200145ua 4500 | ||
|---|---|---|---|
| 003 | OSt | ||
| 008 | 240213b |||||||| |||| 00| 0 eng d | ||
| 041 | _amal | ||
| 082 |
_a954 _bJOS/NA |
||
| 100 |
_aJoshi, P.C . _95827 |
||
| 245 | _aNammude deseeya samarathil / | ||
| 260 |
_aKottayam : _bPrabhatham printing and publishing co. pvt. ltd.. |
||
| 300 | _a180 ; . | ||
| 942 | _cBK | ||
| 999 |
_c4602 _d4602 |
||